مكتبة جامعة عجلون الوطنية

فهرس بحث المكتبة

Normal view MARC view
  • التعاقد الالكتروني-قانون

Entry Topical Term

Number of records used in: 1

001 - CONTROL NUMBER

  • control field: 58925

003 - CONTROL NUMBER IDENTIFIER

  • control field: JO-AjAnu

005 - DATE AND TIME OF LATEST TRANSACTION

  • control field: 20230606083635.0

008 - FIXED-LENGTH DATA ELEMENTS

  • fixed length control field: 230606|| aca||aabn | a|a d

040 ## - CATALOGING SOURCE

  • Original cataloging agency: JO-AjAnu
  • Transcribing agency: JO-AjAnu

150 ## - HEADING--TOPICAL TERM

  • Topical term or geographic name entry element: التعاقد الالكتروني-قانون

670 ## - SOURCE DATA FOUND

  • Source citation: Work cat.: (JO-AjAnu)30058: اعداد حمد، مروان عضيد عزت؛ اشراف محمد علي محمد بني مقداد, author 58924, المسؤولية المدنية الناشئة عن التعاقد الالكتروني: دراسة مقارنة = Civil liability arising from electronic contracting: A Comparative study